000 00644nam a2200217Ia 4500
003 GCL
008 140319s9999 xx 000 0 ara d
040 _aGCL /
_cGCL
082 0 4 _aط
_b745.6
_bم ك
100 1 _aمحمد فتحى
245 1 0 _aالخط العربى الف باء خط الديوان /
_cمحمد فتحى
260 _a[S.N] :
_bدار الكتاب الحديث
300 _a32
490 _aكتب تعليم
_v0
650 0 4 _aالاطفال
650 0 4 _aتعليم الاطفال
650 0 4 _aزخرفة الخط
650 0 4 _aالخط الديوانى
650 0 4 _aالخط الفارسى
942 _2ddc
_cBK
999 _c57121
_d57121